<?xml version="1.0" encoding="UTF-8"?>
<collection xmlns="http://www.loc.gov/MARC21/slim">
 <record>
  <leader>01165nam a22001937a 4500</leader>
  <controlfield tag="001">NCT_4_026573</controlfield>
  <controlfield tag="008">251007b        xxu||||| |||| 00| 0 vie d</controlfield>
  <datafield tag="999" ind1=" " ind2=" ">
   <subfield code="c">9315</subfield>
   <subfield code="d">9315</subfield>
  </datafield>
  <datafield tag="020" ind1=" " ind2=" ">
   <subfield code="a">9780824879990</subfield>
   <subfield code="c">282000</subfield>
  </datafield>
  <datafield tag="082" ind1="0" ind2="4">
   <subfield code="2">23rd ed.</subfield>
   <subfield code="a">294.3</subfield>
   <subfield code="b">D632</subfield>
  </datafield>
  <datafield tag="100" ind1="1" ind2=" ">
   <subfield code="a">Dobbins, James C.</subfield>
  </datafield>
  <datafield tag="245" ind1="1" ind2="0">
   <subfield code="a">Behold the Buddha :</subfield>
   <subfield code="b">Religious meanings of Japanese Buddhist icons</subfield>
   <subfield code="c">James C. Dobbins</subfield>
  </datafield>
  <datafield tag="260" ind1=" " ind2=" ">
   <subfield code="a">Honolulu</subfield>
   <subfield code="b">University of Hawai'i Press</subfield>
   <subfield code="c">2020</subfield>
  </datafield>
  <datafield tag="300" ind1=" " ind2=" ">
   <subfield code="a">xiv, 269 p.</subfield>
   <subfield code="c">21 cm</subfield>
  </datafield>
  <datafield tag="520" ind1="3" ind2=" ">
   <subfield code="a">Behold the Buddha is a clear, concise, and compellingly written guide to the visual culture and iconography of Japanese Buddhism, supplemented with beautiful illustrations. Author James C. Dobbins expertly decodes the complex mysteries behind Buddhist masters, relics, and calligraphy, equipping readers with an intellectual approach to engage with and understand these images as art and symbols for Buddhist teachings and ritual.</subfield>
  </datafield>
  <datafield tag="653" ind1=" " ind2=" ">
   <subfield code="a">Tham khảo</subfield>
  </datafield>
  <datafield tag="942" ind1=" " ind2=" ">
   <subfield code="2">ddc</subfield>
   <subfield code="c">BK</subfield>
  </datafield>
  <datafield tag="952" ind1=" " ind2=" ">
   <subfield code="0">0</subfield>
   <subfield code="1">0</subfield>
   <subfield code="2">ddc</subfield>
   <subfield code="4">0</subfield>
   <subfield code="6">294_300000000000000_D632</subfield>
   <subfield code="7">0</subfield>
   <subfield code="9">31449</subfield>
   <subfield code="a">000001</subfield>
   <subfield code="b">000001</subfield>
   <subfield code="d">2025-10-07</subfield>
   <subfield code="o">294.3 D632</subfield>
   <subfield code="p">TK.05739</subfield>
   <subfield code="r">2025-10-07</subfield>
   <subfield code="v">282000.00</subfield>
   <subfield code="w">2025-10-07</subfield>
   <subfield code="y">BK</subfield>
  </datafield>
  <datafield tag="980" ind1=" " ind2=" ">
   <subfield code="a">Thư viện Trường Đại học Nam Cần Thơ</subfield>
  </datafield>
 </record>
</collection>
